| 000 | 00438cam a2200181ua 4500 | ||
|---|---|---|---|
| 020 | _c3.00 | ||
| 041 |
_ahin _h |
||
| 082 |
_a891.43 _bSUS/KA |
||
| 100 | _aSusheela, Agarwal . | ||
| 245 |
_aKam, prem aur parivar / _cSusheela Agarwal. _hTextual Documents |
||
| 250 |
_a2 / _b. |
||
| 260 |
_aDelhi : _bPoorvoday Prakashan , _c1961. |
||
| 300 | _a154 ; . | ||
| 365 | _a3.00 | ||
| 504 | _a | ||
| 942 | _cBK | ||
| 999 |
_c11651 _d11651 |
||